000 01241nam a2200313 i 4500
003 EG-GICUC
005 20260314090954.0
008 260124s1970 ua |||fr|||| 00| 0 ara d
040 _a EG-GICUC
_bara
_c EG-GICUC
_d EG-GICUC
_erda
041 0 _aAra
082 0 4 _221
_a343.76640566
_bم ح . س
092 0 4 _221
099 _aLaw1 10 343.76640566 م ح . س 1970
100 0 _aمحمود نجيب حسنى
_eمؤلف.
245 1 2 _aالسجون اللبنانية فى ضوء النظريات الحديثة فى معاملة السجناء /
_cتأليف للدكتور محمود نجيب حسنى.
246 _a= Les prisons Libnaises Etude du System Penitentiare Libnais Dans Son Etat Actual Et Dans Son Avenir
264 2 _aبيروت :
_bجامعة بيروت العربية،
_c1970.
300 _a164 صفحة؛
_c24 سم.
336 _2rda content
_atext
337 _2rda media
_aComputer
338 _2rda carrier
_aOnline Resource
546 _aالنص باللغة العربية
650 1 _aأبنية السجون
_2qrmak
650 1 _aالقانون الجنائى
_2qrmak
651 1 _2qrmak
856 4 0 _uhttps://fll.law.cu.edu.eg/fulltext/bks/B10-08149.pdf
905 _a54
942 _2ddc
_cBK
_e21
_n0
999 _c59109
_d59109